Statistiques concernant Nombres 1 à 10 en suédois

Cliquez ici pour prendre le quiz!

Statistiques générales

  • Ce quiz a été pris 26 fois
  • Le résultat moyen est 9 sur 10

Statistiques - réponses

FrançaisSuédois% Correct
Sixsex
100%
Troistre
100%
Cinqfem
95%
Deuxtvå
95%
Huitåtta
90%
Unett
90%
Quatrefyra
86%
Neufnio
81%
Septsju
81%
Dixtio
81%

Distribution des résultats

Percentile par nombre de réponses

% des personnes avec chaque résultat

Votre développement - résultats

Vous n’avez pas pris ce quiz